British coastal towns - mega sudden death - Statistics

General Stats
  • This quiz has been taken 317 times
  • The average score is 29 of 100
Answers on the Grid
Answers color-coded by a green-red scale on the quiz's grid according to % correct below.
Hove
Birmingham
Derby
Belfast
Calais
Great Haddock
Southampton
Sheffield
Aberdeen
Torquay
Liverpool
Timbuktu
South Shields
Folkestone
Halibut Bay
Leeds
Birkenhead
New York
Luton
Nottingham
Wick
Barrow-in-Furness
Penzance
Worthing
Littlehampton
Blackpool
Edinburgh
Boris Harbour
Scarborough
Milton Keynes
Copenhagen
St. Austell
Dover
Fawlty Towers
Porthcawl
Newquay
Flatulence Cove
Shoreham
John o' Groats
Southport
Monte Carlo
St. Andrews
Cork
Robin Hood's Bay
Cancun
Plymouth
Southend
Broadstairs
Skegness
Dundee
Brighton
Great Yarmouth
Sydney
Gosport
Hartlepool
Morecambe
Auckland
Gazza Sands
Tobermory
The Hague
Singapore
Istanbul
Bournemouth
Holyhead
Seattle
Butt of Winston
Lowestoft
Wallasey
Barcelona
Inverness
Port Said
Lima
Tunis
Craigavon
Portsmouth
Cape Town
Plockton
Dunkirk
Lytham St. Annes
Thatcher Beach
Cucumber-upon-Sea
Oban
Reykjavik
Phoney Harbour
Alexandria
Kirkbuttock
Galveston
Whitby
Sealclubbers Quay
Leicester
Felixstowe
Margate
Whitstable
Armagh
Applecross
Inverhaggis
Llandudno
Paignton
Oxford
Bradford
Galway
Carlisle
Cowes
Squidmouth
Nice
Clacton
Inverie
Llanelli
Blyth
Crackhead's Dock
Berwick-upon-Tweed
Eyemouth
Hoylake
Ryde
Harwich
Rhyl
Falmouth
Cardiff
Port Saddam
Weston-super-Mare
Bangor
Scunthorpe
Ramsgate
Halifax
Canvey Island
Cleadale
Stranraer
Royal Malodorous Wharf
Vancouver
Lee-on-the-Solent
Port Arthur
Ostend
Peterhead
Troon
Brixham
Stockholm
Stornoway
Irvine
Washington
Cape Pollution
Rothesay
Jellyfish Haven
Charleston
Arbroath
Antrim
Octopus Ness
Bridlington
Eastbourne
Batfish Bay
St. Baldrick's Point
Shoeburyness
Sheerness
Bexhill
Deal
Herne Bay
Cannes
Larne
Cambridge
Porthseaweed
Sunderland
Boston
Kyle of Locharmpit
Sewerby
Maidstone
Weymouth
Redcar
Elizabeth's Garter
Petulans Magnum
Ayr
Poole
Dublin
Penarth
Walton-on-the-Naze
Cockermouth
Seaton Carew
Tywyn
Newry
Bognor Regis
Portmarnock
Uwchmynydd
 
Answer Stats
Answer % Correct
Hove
83%
Southampton
81%
Torquay
74%
Plymouth
66%
Scarborough
60%
Dover
59%
Liverpool
59%
Skegness
59%
Blackpool
58%
Great Yarmouth
58%
Brighton
57%
Penzance
56%
Bournemouth
55%
Belfast
54%
Southend
53%
Newquay
52%
Portsmouth
50%
Aberdeen
49%
Southport
48%
Whitby
48%
Folkestone
47%
Morecambe
47%
Margate
45%
South Shields
44%
Holyhead
43%
Barrow-in-Furness
40%
Birkenhead
40%
Felixstowe
39%
Hartlepool
39%
Inverness
38%
John o' Groats
38%
Clacton
36%
Lowestoft
36%
Worthing
36%
Littlehampton
34%
St. Austell
32%
Dundee
31%
Eastbourne
31%
Edinburgh
31%
Falmouth
31%
Llandudno
31%
Lytham St. Annes
31%
Robin Hood's Bay
31%
Whitstable
31%
Cardiff
30%
Porthcawl
30%
St. Andrews
30%
Gosport
28%
Paignton
28%
Weston-super-Mare
28%
Bognor Regis
27%
Oban
27%
Broadstairs
26%
Cowes
26%
Shoreham
26%
Harwich
25%
Bangor
23%
Wick
22%
Berwick-upon-Tweed
21%
Deal
21%
Poole
21%
Ramsgate
21%
Rhyl
21%
Weymouth
21%
Herne Bay
20%
Tobermory
19%
Bridlington
18%
Brixham
17%
Ryde
17%
Stornoway
17%
Wallasey
17%
Sheerness
16%
Canvey Island
15%
Peterhead
15%
Stranraer
15%
Sunderland
15%
Ayr
13%
Lee-on-the-Solent
13%
Arbroath
12%
Bexhill
12%
Llanelli
12%
Eyemouth
11%
Redcar
10%
Larne
9%
Shoeburyness
9%
Blyth
8%
Hoylake
8%
Rothesay
8%
Troon
8%
Applecross
7%
Plockton
7%
Irvine
5%
Inverie
4%
Tywyn
3%
Walton-on-the-Naze
3%
Cleadale
2%
Penarth
2%
Seaton Carew
2%
Sewerby
1%
Uwchmynydd
1%
No matching quizzes found
Score Distribution
Percent of People with Each Score
Percentile by Number Answered
Your Score History
You have not taken this quiz